000 09437cam a22019814i 4500
003 PE-LiUPU
005 20250813165652.0
008 150625s2002 sp rb 000 0 spa d
020 _a8484760359
035 _a(Sirsi) i9788484760351
040 _aPE-LiUPU
_bspa
_cPE-LiUPU
_erda
049 _aPRUA
082 0 4 _a614.7
_bS39
_221
082 0 4 _a614.7
_bS39 2002
100 1 _aSeoánez Calvo, Mariano,
_eautor.
245 1 0 _aTratado de la contaminación atmosférica :
_bproblemas, tratamiento y gestión /
_cMariano Seoánez Calvo ; en la parte correspondiente a Legislación y en lo tratado sobre responsabilidades, han colaborado, Elena Bellas Velasco, Pilar Seoánez Oliet.
264 1 _aMadrid :
_bMundi-Prensa,
_c2002.
300 _a1111 páginas :
_bilustraciones, cuadros ;
_c25 centímetros
336 _atext
_2rdacontent
337 _aunmediated
_2rdamedia
338 _avolume
_2rdacarrier
490 _aIngeniería del medio ambiente
504 _aIncluye bibliografía pág. 1061-1097.
505 _aHistoria de la contaminación atmosférica. -La Unión Europea y otros organizmos ante la contaminación atmosférica. -Análisis conceptual. -Las actividades humanas, los factores ambientales y la contaminación atmosférica. -Unidades. -Los agentes contaminantes: clasificación general. -Las partículas sólidas. -Derivados del azufre. -Derivados del carbono. -Derivados del flúor. -Ozono. -Derivados del nitrógeno. -Metales y derivados. -Derivados del cloro. -Derivados del nitrógeno. -Metales y derivados. -Derivados del cloro, del bromo y del yodo. Residuos nucleares. -Amoníaco, sulfato amónico y otros contaminantes menores. -Humo de tabaco. -Los aerosoles. -El smog y la contaminación fotoquímica. -Los olores en el medio ambiente. -Sinergias entre contaminantes atmosféricos. -Bases generales y actividades contaminantes del aire. -Fuentes naturales de contaminación atmosférica. -Fuentes fijas de contaminación atmosférica. -Fuentes móviles de contaminación atmosférica. -Tratamiento de residuos industriales. -Transformación de residuos urbanos. -Emisiones del uso del carbón. -Emisiones del tratamiento del petróleo. -Emisiones del uso de la energía geotérmica. -Emisiones del uso del gas natural. -Emisiones del uso de los biocombustibles. -El clima y la contaminación atmosférica. -La atmósfera. -Los factores meteorológicos y la contaminación atmosférica. -Las islas de calor. -Contaminación atmosférica y visibilidad. -Los vientos. -Estabilidad atmosférica y ecuaciones barométricas. -El relieve, el clima y la contaminación atmosférica. -El clima y su variabilidad natural. -Políticas ante el cambio climático. -Sistemas de indicadores para el cambio climático. -El ozono en la naturaleza. La capa de ozono. -Efectos de la contaminación atmosférica sobre las construcciones. -La contaminación atmosférica y los materiales. -La biosfera y la contaminación atmosférica. -Los problemas de contaminación atmosférica de los ecosistemas. -Ecotoxicología. -Los ciclos biogeoquímicos y la contaminación atmosférica. -El reciclado mar-aire del CO2, el CO2 en el mar y el secuestro del carbono. -Cálculos y valoraciones sobre riesgos, daños y efectos de la contaminación atmosférica en el medio natural. -La contaminación atmosférica y la vegetación: fisiología, organografía y bioquímica vegetal ante la contaminación atmosférica. -Las partículas sólidas del aire y los vegetales. -Los derivados del azufre y los vegetales. -Los derivados del flúor y los vegetales. -Los derivados del carbono y los vegetales. -Contaminantes secundarios de la vegetación. -El medio forestal y la contaminación atmosférica. -Efectos generales de la contaminación atmosférica sobre la fauna. -La contaminación atmosférica y la salud pública. -Formas de acción de contaminación atmosférica sobre el organismo. -Toxicología e higiene industrial en relación con la contaminación atmosférica. -Efectos de las partículas atmosféricas. -La contaminación atmosférica urbana. -Contaminación atmosférica en interiores. -Control de emisiones. -Medida de la contaminación atmosférica. -Prevención y control de la contaminación atmosférica en el medio urbano, en el medio industrial y en el medio rural. -Gestión de la contaminación atmosférica en la empresa. -Análisis económico de la contaminación atmosférica. -Legislación y normativa vigente.
526 _aP203
526 _aP200
526 _aSEG65
526 _aSEG64
526 _aSEG63
526 _aSEG62
526 _aSEG61
526 _aSEG60
526 _aSEG59
526 _aSEG58
526 _aSEG57
526 _aSEG56
526 _aSEG55
526 _aSEG54
526 _aSEG53
526 _aSEG52
526 _aSEG51
526 _aSEG50
526 _aSEG49
526 _aSEG48
526 _aSEG47
526 _aSEG46
526 _aSEG24
526 _aSEG23
526 _aSEG22
526 _aSEG21
526 _aSEG20
526 _aSEG19
526 _aSEG18
526 _aSEG17
526 _aSEG16
526 _aSEG14
526 _aSEG13
526 _aSEG12
526 _aSEG11
526 _aSEG10
526 _aSEG09
526 _aSEG06
526 _aSEG05
526 _aSEG04
526 _aSEG03
526 _aSEG02
526 _aSEG68
526 _aSEG66
526 _aSEG45
526 _aSEG25
526 _aSEG01
526 _aP163
526 _aP162
526 _aP161
526 _aP160
526 _aP159
526 _aP158
526 _aP157
526 _aP156
526 _aP155
526 _aP154
526 _aP153
526 _aP152
526 _aP151
526 _aP150
526 _aP149
526 _aP142
526 _aP141
526 _aP140
526 _aP139
526 _aP138
526 _aP137
526 _aP132
526 _aP131
526 _aP130
526 _aP126
526 _aP125
526 _aP124
526 _aP123
526 _aP115
526 _aP122
526 _aP121
526 _aP116
526 _a P114
526 _aP112
526 _aP111
526 _aP104
526 _aP103
526 _aP102
526 _aP101
526 _aP100
526 _aP96
526 _aP95
526 _aP93
526 _aP92
526 _aP91
526 _aP88
526 _aP83
526 _aP82
526 _aP79
526 _aP78
526 _aP75
526 _aP74
526 _aP71
526 _aP69
526 _a P51
526 _aP49
526 _aP48
526 _aP47
526 _aP33
526 _aP31
526 _a P30
526 _aP29
526 _aP27
526 _aP26
526 _aP25
526 _aP24
526 _a P22
526 _aP10
526 _aP09
526 _a P08
526 _aP06
526 _aP05
526 _aP04
526 _aP01
541 _g003-001075;
541 _g001-026129;
541 _g001-027589;
541 _g015-0012792;
541 _g002-00000238;
650 0 4 _aAtmósfera
_xContaminación.
700 1 _aBellas Velasco, Elena,
_ecolaborador.
700 1 _aSeoánez Oliet, Pilar,
_ecolaborador.
910 _agavs
_d20181002
942 _2ddc
_cBOOK
949 _a614.7 S39
_wDEWEY
_c1
_i62940
_d2016-10-21
_e2016-10-19
_lCCODEBUL1
_mBUL
_n2
_p121.00
_r0
_sY
_tBOOK
_u2015-6-25
_xINGENIERIA
_PP06
_0COMPRA
_o.STAFF. Colección General
949 _a614.7 S39
_wDEWEY
_c2
_i56993
_lCCODEBUL1
_mBUL
_p113.00
_r0
_sY
_tBOOK
_u2015-6-25
_xINGENIERIA
_PP24
_0COMPRA
_o.STAFF. Colección General
949 _a614.7 S39
_wDEWEY
_c3
_i57884
_lCCODEBUL1
_mBUL
_p134.00
_r0
_sY
_tBOOK
_u2015-6-25
_xINGENIERIA
_PP24
_0COMPRA
_o.STAFF. Colección General
949 _a614.7 S39
_wDEWEY
_c4
_i60580
_d2015-10-13
_e2015-10-12
_lCCODEBUL1
_mBUL
_n1
_p139.00
_r0
_sY
_tBOOK
_u2015-6-25
_xINGENIERIA
_PP24
_0COMPRA
_o.STAFF. Colección General
949 _a614.7 S39 2002
_wDEWEY
_c1
_iFT03980
_lCCODEBUT1
_mBUT
_p{dolar}358.00
_r0
_sY
_tBOOK
_u2018-10-02
_xFIA
_PP24
_0COMPRA
_o.STAFF. Colección General Tarapoto
994 _aC0
_bPEPRU
596 _a1 2
999 _a614.7 S39
_wDEWEY
_c46126
_i62940
_d46126
_e2016-10-19
_f2022-4-19
_g7
_lCCODEBUL1
_mBUL
_n2
_p121.00
_r0
_sY
_tBOOK
_u2015-6-25
_xINGENIERIA
_PP06
_0COMPRA
_o.STAFF. Colección General
999 _a614.7 S39
_wDEWEY
_c2
_i56993
_f2019-12-11
_g6
_lCCODEBUL1
_mBUL
_p113.00
_r0
_sY
_tBOOK
_u2015-6-25
_xINGENIERIA
_PP24
_0COMPRA
_o.STAFF. Colección General
999 _a614.7 S39
_wDEWEY
_c3
_i57884
_f2019-12-11
_g6
_lCCODEBUL1
_mBUL
_p134.00
_r0
_sY
_tBOOK
_u2015-6-25
_xINGENIERIA
_PP24
_0COMPRA
_o.STAFF. Colección General
999 _a614.7 S39
_wDEWEY
_c4
_i60580
_d2018-3-6
_e2015-10-12
_f2021-11-9
_g7
_lCCODEBUL1
_mBUL
_n1
_p139.00
_q1
_r0
_sY
_tBOOK
_u2015-6-25
_xINGENIERIA
_PP24
_0COMPRA
_o.STAFF. Colección General
999 _a614.7 S39 2002
_wDEWEY
_c1
_iFT03980
_d2022-4-25
_e2022-4-25
_f2019-2-20
_g1
_lCCODEBUT1
_mBUT
_n1
_p358.00
_r0
_sY
_tBOOK
_u2018-10-2
_xINGENIERIA
_PP24
_0COMPRA
_1FCOMPR2
_o.STAFF. Colección General Tarapoto
980 _81
_gALBERTO SANCHEZ Responsable de Automatización